000 00578nam a2200217 a 4500
001 BRCA_4280
005 20190320204619.0
008 230610s1961----nyu#######---#000-0#eng-#
041 _aeng
044 _anyu
050 4 _aPZ3
_b.H58 1961
100 1 _aHitchens, Dolores Birk
_911020
245 1 0 _aFootsteps in the Night
_cDolores Birk Hitchens.
260 _aCiudad Jardín, Nueva York
_bDoubleday
_c1961
300 _a187 p.
_c21 cm.
440 0 _aA crime club selection
_9876
500 _aCEF76
650 1 4 _aNovelas policíacas
_9877
902 _aGFM
942 _2lcc
_cB
999 _c3991
_d3991